000 01875nam a2200409 i 4500
001 196268
003 ES-MaACL
005 20250603170236.0
008 240823s2022 sp | |||| 000 0 spa
015 _aMON22
017 _aM 19937-2022
_bOficina Depósito Legal Madrid
020 _a9788418164170
035 _a(SpMaBN)a7160500
035 _a991044599379708606
040 _aSpMaBN
_bspa
_cSpMaBN
_erda
080 _a32(460)"20"
080 _a308(460)"20"
100 _aVillazón, Jose,
_d1970-
_9238603
_eaut
245 1 0 _aPunto de encuentro :
_bprontuario de política para ciudadanos a punto de renunciar /
_cJose Villazón ; prólogo de Joaquín Goyache.
250 _aPrimera edición: julio de 2022
264 1 _aMadrid (España) :
_bNola Editores,
_c[2022].
264 4 _c©2022
300 _a79 páginas :
_c24 cm.
336 _aTexto
_2rdacontent
337 _asin mediación
_2rdamedia
338 _avolumen
_2rdacarrier
520 _aPunto de encuentro ofrece una visión resumida del marco político español y de los desafíos a los que se enfrenta la sociedad española del siglo XXI. Con un lenguaje sencillo, esta obra explica las coordenadas del sistema político actual, detalla el valor de lo ya construido y los posibles consensos de futuro.
651 7 _aEspaña-
_xPolítica y gobierno-
_yS.XXI
_9166701
651 0 _aEspaña-
_xSituación social-
_yS.XXI
_9238604
700 _aGoyache Goñi, Joaquín,
_d1962-
_9238605
_eaui
852 _aES-MaACL
_bR.154507
_cDEPOJ
_jN-9322
_gDedicatoria autógrafa del autor
_hDonación: Jose Villazón
_xEncuadernación rústica con solapas
_9205393
903 _aVillazón, Jose,
_ednr
_9238603
_d1970-
942 _cMONOGRAFIA
_n0
999 _c196268
_d196268